| 000 | 00737nam a22001817a 4500 | ||
|---|---|---|---|
| 008 | 111124t xxu||||| |||| 00| 0 eng d | ||
| 020 | _a0321589491 | ||
| 050 | _aHB171.5.P31 | ||
| 100 | _aParkin, Michael | ||
| 245 |
_aEconomics. / _cMichael, Parkin |
||
| 250 | _a9th | ||
| 260 |
_aBoston: _bAddison - Wesley; _c2010. |
||
| 300 |
_axi, 780 + various pagings, _bill. _c24cm. |
||
| 500 | _aIncludes index. | ||
| 505 | _aContents: Introduction -- How markets work -- Households' choice -- Firms and markets -- Market failure and government -- Factor markets, inequality, and uncertainty -- Monitoring macroeconomic trends -- Macroeconomic trends -- Macroeconomic fluctuations -- Macroeconomic. | ||
| 650 | _aEconomics | ||
| 942 |
_2lcc _cBK |
||
| 999 |
_c290 _d7790 |
||